| 000 | 00769nam a22001577a 4500 | ||
|---|---|---|---|
| 003 | OSt | ||
| 005 | 20151004153405.0 | ||
| 008 | 151004b xxu||||| |||| 00| 0 eng d | ||
| 040 | _cRUA | ||
| 082 | _aAVM KRY 2004 B074 Or.1 | ||
| 100 |
_92009 _aKRY, VONGSOCHEAT. |
||
| 245 | _astudy on growth rate and meat quality of chicken by reducing the protein levels with lysine supplementation in basis diet ( ការសិក្សាលើការលូតលាស់ និងគុណភាពសាច់របស់មាន់សាច់ដោយបន្ថយកំរិតប្រូតេអ៊ីននិងបន្ថែមលីស៊ីនក្នុងចំណី) | ||
| 260 |
_aPhnom Penh _bRUA _c2004 |
||
| 300 |
_a45p. _bill. _c29cm. |
||
| 942 |
_2ddc _cAVM |
||
| 999 |
_c1898 _d1898 |
||